000 00857cab a2200265 4500
001 WB3242-23
008 090401t1996 xxu||||| |||| 00| 0 eng d
035 _a(Sirsi) u44637
041 _aeng
245 _aLondon tops Euro city poll
260 _c1996
350 _a0
490 _aGuardian
_v4 November 1996, 17
490 _aEvening Standard
_v4 November 1996, 15(1)
520 _aLondon has been voted best European city for business, especially for its good public transport system and the amount of office space available, according to a survey of over 500 European businesses by Healey & Baker.
650 _aBUSINESS LOCATIONS
650 _aEUROPE
650 _aHEALEY AND BAKER
650 _aLONDON
650 _aOFFICE SPACE
650 _aPUBLIC TRANSPORT
690 _aECONOMIC AND SOCIAL
942 _n0
948 _c04/03/1997
999 _c28362
_d28362